|
|
|
|
| LEADER |
00000nam0a2200000 4500 |
| 001 |
136479 |
| 005 |
20231101220624.0 |
| 010 |
|
|
|a 978955987864
|
| 035 |
|
|
|a (RuTPU)RU\TPU\book\147918
|
| 090 |
|
|
|a 136479
|
| 100 |
|
|
|a 20080423d2007 km y0rusy50 ca
|
| 101 |
0 |
|
|a rus
|
| 102 |
|
|
|a LT
|
| 105 |
|
|
|a y z 001zy
|
| 200 |
1 |
|
|a Поле пола
|f С. А. Ушакин
|
| 210 |
|
|
|a Вильнюс
|c Европейский гуманитарный университет
|d 2007
|
| 215 |
|
|
|a 320 с.
|
| 320 |
|
|
|a Библиографическая справка: с. 318.
|
| 330 |
|
|
|a Статьи данного сборника анализируют разнообразные способы символизации пола. Используя обширный материал - от современных феминистских теорий до практик постсоветского потребления, - сборник акцентирует социальную сконструированность таких категорий, как «пол» и «половая идентичность». Сборник рассчитан не только на специалистов в области социологии и антропологии пола, но и на широкую аудиторию, интересующуюся вопросами формирования идентичности.
|
| 606 |
1 |
|
|a Гендерная политика
|x Социология
|2 stltpush
|3 (RuTPU)RU\TPU\subj\69867
|9 84542
|
| 610 |
1 |
|
|a социология
|
| 610 |
1 |
|
|a пол
|
| 610 |
1 |
|
|a брак
|
| 610 |
1 |
|
|a семья
|
| 610 |
1 |
|
|a гендер
|
| 610 |
1 |
|
|a теория
|
| 610 |
1 |
|
|a общество
|
| 610 |
1 |
|
|a антропология
|
| 610 |
1 |
|
|a феминизм
|
| 686 |
|
|
|a С55.53
|v LBC/SL-A
|2 rubbk
|
| 700 |
|
1 |
|a Ушакин
|b С. А.
|g Сергей Александрович
|
| 801 |
|
1 |
|a RU
|b 63413507
|c 20080423
|g PSBO
|
| 801 |
|
2 |
|a RU
|b 63413507
|c 20140530
|g PSBO
|
| 942 |
|
|
|c BK
|
| 959 |
|
|
|a 46/20080422
|d 1
|e 280,06
|f ЧЗГЛ:1
|